| 000 | 00713nam a22002177a 4500 | ||
|---|---|---|---|
| 999 |
_c12620 _d12620 |
||
| 003 | AR-CdUCM | ||
| 008 | 190409b ||||| |||| 00| 0 spa d | ||
| 040 |
_aMUNICIPALIDAD PROVINCIAL DEL CUSCO _cBIBLIOTECA MUNICIPAL DEL CUSCO |
||
| 082 |
_23ed. _a345.703 / _bA65 |
||
| 100 |
_aAragón, Luis Angel _927079 |
||
| 245 | _aDiccionario jurídico de derecho procesal civil / | ||
| 260 |
_aCusco : _bIdea, _c[1981]. |
||
| 300 |
_a336 páginas ; _c24 cm. |
||
| 500 | _aDedicatoria | ||
| 505 | _aContenido: Diccionario del código jurídico. | ||
| 650 |
_aDiccionario _95196 |
||
| 650 |
_aDerecho procesal civil _927080 |
||
| 650 |
_aConstitución política _96910 |
||
| 942 |
_2ddc _cLIBROS |
||
| 945 |
_aacv _d2019-04-09 |
||